[Event "Challenge"]
[Site "http://www.queenalice.com/game.php?id=804629"]
[Date "2010.7.17"]
[Round "-"]
[White "danielgarciasilva"]
[Black "Dedey"]
[Result "1-0"]
[WhiteElo "1613"]
[BlackElo "1266"]

1. e4 e5 2. Nf3 Nc6 3. Bb5 Nge7 4. d3 a6 5. Bxc6 Nxc6 6. a3 d5 7. c3 d4 8. cxd4
exd4 9. Bf4 Bg4 10. h3 Bxf3 11. Qxf3 Bd6 12. Nd2 Bxf4 13. Qxf4 O-O 14. O-O b5
15. Rac1 Qd7 16. Nf3 f5 17. exf5 Qxf5 18. Qxc7 Rac8 19. Qb7 1-0

[Event "Challenge"]
[Site "http://www.queenalice.com/game.php?id=804630"]
[Date "2010.7.17"]
[Round "-"]
[White "Dedey"]
[Black "danielgarciasilva"]
[Result "0-1"]
[WhiteElo "1342"]
[BlackElo "1586"]

1. e4 e5 2. Bc4 Nf6 3. Nc3 Bc5 4. Nf3 Ng4 5. O-O d6 6. Ne2 a6 7. a4 c6 8. d4 Bb6
9. d5 Bc5 10. Bg5 Qb6 11. dxc6 Bxf2+ 0-1

[Event "Challenge"]
[Site "http://www.queenalice.com/game.php?id=807101"]
[Date "2010.7.23"]
[Round "-"]
[White "Dedey"]
[Black "Vanessahermosa"]
[Result "0-1"]
[WhiteElo "1372"]
[BlackElo "1359"]

1. e4 e5 2. Nf3 Qf6 3. g3 Bc5 4. Bg2 Nh6 5. O-O Ng4 6. c3 d6 7. d4 exd4 8. cxd4
Bb6 9. Bg5 Qg6 10. e5 h6 11. Bh4 Nc6 12. Nc3 dxe5 13. dxe5 Ncxe5 14. Qa4+ Bd7
15. Qd1 O-O 16. Nxe5 Nxe5 17. Bxb7 Rae8 18. Nd5 c6 19. Ne7+ Rxe7 20. Bxe7 Re8
21. Bd6 Ng4 22. Re1 Bxf2+ 23. Kh1 Qh5 24. Rxe8+ Bxe8 25. h4 Be3 26. Bc8 Nf2+ 0-1

[Event "Challenge"]
[Site "http://www.queenalice.com/game.php?id=807810"]
[Date "2010.7.24"]
[Round "-"]
[White "Vanessahermosa"]
[Black "Dedey"]
[Result "1/2-1/2"]
[WhiteElo "1382"]
[BlackElo "1340"]

1. e4 e5 2. Bc4 Nf6 3. Qf3 Be7 4. d3 O-O 5. Qg3 g6 6. Bg5 c6 7. Nf3 b5 8. Bb3 d5
9. Qxe5 Nbd7 10. Qg3 dxe4 11. Nd4 exd3 12. Qxd3 Ne5 13. Qg3 Qxd4 14. c3 Bb4 15.
Be3 Qg4 16. cxb4 Qxg3 17. hxg3 Nd3+ 18. Ke2 Nxb2 19. Bd4 Bg4+ 20. f3 Na4 21.
Bxf6 Be6 22. Nd2 Rfe8 23. Kf2 Bxb3 24. axb3 Nc3 25. Rh4 Re2+ 26. Kf1 Re3 27. Nb1
Nd5 28. Na3 Nxf6 29. Kf2 Rxb3 30. g4 Rxa3 31. Rxa3 Nd5 32. Ra6 Nxb4 33. Ra1 Nd3+
34. Ke2 Nf4+ 35. Kf2 Nd3+ 36. Ke2 Nf4+ 37. Kf2 Nd3+ 1/2-1/2

[Event "Challenge"]
[Site "http://www.queenalice.com/game.php?id=810993"]
[Date "2010.7.30"]
[Round "-"]
[White "Dedey"]
[Black "Dracon83"]
[Result "0-1"]
[WhiteElo "1268"]
[BlackElo "1623"]

1. e4 e5 2. Nf3 Nc6 3. Bc4 Nf6 4. O-O d5 5. d3 dxc4 6. dxc4 Qxd1 7. Rxd1 Nxe4 8.
Ng5 h6 9. Nxe4 Bd6 10. Nxd6+ cxd6 11. Nc3 Be6 12. Nd5 O-O-O 13. c3 Bxd5 14. cxd5
Na5 15. b4 Nc4 16. Be3 b6 17. a4 Nb2 18. a5 Nxd1 19. Rxd1 bxa5 20. Bxa7 Kb7 21.
Be3 axb4 22. cxb4 Ka6 23. Ra1+ Kb5 24. Bd2 Ra8 25. g3 Rxa1+ 26. Kg2 Kc4 27. h4
Kxd5 0-1

[Event "Challenge"]
[Site "http://www.queenalice.com/game.php?id=812519"]
[Date "2010.8.3"]
[Round "-"]
[White "wagnerdqkv"]
[Black "Dedey"]
[Result "1-0"]
[WhiteElo "1262"]
[BlackElo "1393"]

1. e4 e5 2. Nf3 Nc6 3. Nc3 Nf6 4. Bc4 Bb4 5. Ng5 O-O 6. a3 Bxc3 7. dxc3 d6 8.
Nxf7 Rxf7 9. Bxf7+ Kxf7 10. O-O d5 11. exd5 Nxd5 12. Qh5+ Kg8 13. Bg5 Nce7 14.
Bh4 Nf4 15. Qxe5 Qf8 16. Bxe7 Qf7 17. Qxc7 Qg6 18. Qxf4 Bh3 19. g3 Bxf1 20. Kxf1
Qe6 21. Re1 Qh3+ 22. Kg1 Qd7 23. Bd6 Re8 24. Rxe8+ Qxe8 25. Qc4+ Kh8 26. Qc7
Qe1+ 27. Kg2 Qe4+ 28. Kg1 Qe1+ 29. Kg2 Qe4+ 30. Kh3 Qe6+ 31. Kg2 Qe4+ 32. Kf1
Qh1+ 33. Ke2 Qe4+ 34. Kd2 Qd5+ 35. Ke3 Qe6+ 36. Kd4 Qg4+ 37. f4 Qd1+ 38. Kc4
Qf1+ 39. Kb3 h6 40. Be5 Qb5+ 41. Ka2 Qd5+ 42. b3 Qg8 43. Qxb7 a5 44. Bxg7+ Qxg7
45. Qa8+ Kh7 46. Qxa5 Qg6 47. Qc7+ Kh8 48. Qe5+ Kh7 49. f5 Qf7 50. Qe6 Qg7 51.
Qg6+ Qxg6 52. fxg6+ Kxg6 53. a4 1-0

[Event "Challenge"]
[Site "http://www.queenalice.com/game.php?id=812521"]
[Date "2010.8.3"]
[Round "-"]
[White "Dedey"]
[Black "wagnerdqkv"]
[Result "0-1"]
[WhiteElo "1421"]
[BlackElo "1217"]

1. e4 e5 2. Nf3 Nc6 3. Bc4 Nf6 4. Nc3 Bc5 5. O-O Ng4 6. d4 exd4 7. Nxd4 Nge5 8.
Nxc6 Nxc6 9. Qd5 Qe7 10. Bg5 f6 11. Bf4 Nb4 12. Rac1 Nxd5 13. Nxd5 Qxe4 14.
Nxc7+ Kd8 15. Nxa8 Qxf4 16. Rfe1 Bxf2+ 0-1

[Event "Challenge"]
[Site "http://www.queenalice.com/game.php?id=812655"]
[Date "2010.8.3"]
[Round "-"]
[White "Dedey"]
[Black "rsanjabi"]
[Result "0-1"]
[WhiteElo "1329"]
[BlackElo "1147"]

1. e4 d5 2. e5 d4 3. Nf3 f6 4. Bb5+ c6 5. Bc4 b5 6. Bxg8 Rxg8 7. O-O c5 8. exf6
gxf6 9. c3 Qd5 10. cxd4 cxd4 11. d3 Qh5 12. Nxd4 Qg6 13. g3 Bh3 14. Re1 Nc6 15.
Qf3 Bg4 16. Qxc6+ Kf7 17. Qxa8 Qxd3 18. Qd5+ e6 19. Qd7+ Kg6 20. Nd2 Rg7 21.
Qe8+ Kh6 22. Ne4+ Rg5 0-1

[Event "Challenge"]
[Site "http://www.queenalice.com/game.php?id=813523"]
[Date "2010.8.5"]
[Round "-"]
[White "garota_rap"]
[Black "Dedey"]
[Result "1-0"]
[WhiteElo "1539"]
[BlackElo "1337"]

1. e4 e5 2. Nc3 Nf6 3. Qf3 Be7 4. h3 O-O 5. Nd5 Nxd5 6. exd5 Bh4 7. d3 d6 8. Ne2
Qe7 9. g3 Bg5 10. Bxg5 Qxg5 11. h4 Qe7 12. c4 c6 13. dxc6 bxc6 14. O-O-O Na6 15.
a3 Rb8 16. Qxc6 Bb7 17. Qa4 Bxh1 18. Qxa6 Qb7 19. Qxb7 Bxb7 20. Nc3 Bf3 21. Be2
Bxe2 22. Nxe2 Rb7 23. Nc3 Rfb8 24. b4 f5 25. f4 exf4 26. gxf4 a6 27. Nd5 a5 28.
b5 Kf7 29. a4 Kg6 30. Rg1+ Kh6 31. Ne3 g6 32. d4 Re8 33. Nd5 Rc8 34. Ne3 Re7 35.
Nd5 Rxc4+ 36. Kd2 Rxd4+ 37. Kc3 Rxd5 38. b6 Rc5+ 39. Kd4 Re4+ 40. Kd3 1-0

[Event "Challenge"]
[Site "http://www.queenalice.com/game.php?id=814164"]
[Date "2010.8.6"]
[Round "-"]
[White "wagnerdqkv"]
[Black "Dedey"]
[Result "1-0"]
[WhiteElo "1368"]
[BlackElo "1355"]

1. e4 e5 2. Nf3 Nc6 3. Bb5 Nge7 4. Nc3 g6 5. d4 Bg7 6. dxe5 Bxe5 7. Nxe5 Nxe5 8.
Bf4 N5c6 9. Bxc6 Nxc6 10. O-O O-O 11. Nd5 d6 12. Qd2 Be6 13. Bg5 Qd7 14. Nf6+
Kh8 15. Nxd7 Bxd7 16. Bh6 Rfe8 17. Qc3+ Ne5 18. Qxc7 Bc6 19. Qxd6 Ng4 20. Qd4+
f6 21. Bd2 Rxe4 22. Qc5 Re2 23. Rad1 a6 24. Rfe1 Ree8 25. Rxe8+ Rxe8 26. Bc3 Ne5
27. Bxe5 fxe5 28. h3 e4 29. Re1 h5 30. b4 Re6 31. c4 b5 32. cxb5 Bxb5 33. Qc8+
Kh7 34. Qxe6 1-0

[Event "Challenge"]
[Site "http://www.queenalice.com/game.php?id=814570"]
[Date "2010.8.7"]
[Round "-"]
[White "wagnerdqkv"]
[Black "Dedey"]
[Result "1-0"]
[WhiteElo "1475"]
[BlackElo "1353"]

1. e4 e5 2. Nf3 Nc6 3. Nc3 Bb4 4. Nd5 Nf6 5. Nxb4 Nxb4 6. d3 O-O 7. Nxe5 d5 8.
Bd2 Nc6 9. Nxc6 bxc6 10. Bb4 Re8 11. Be2 dxe4 12. O-O e3 13. fxe3 Rxe3 14. Qd2
Qd4 15. Rf2 Bg4 16. Bc3 Qb6 17. Bxf6 Bxe2 18. Bg5 Ree8 19. b3 h6 20. Bf4 Bh5 21.
Re1 Rxe1+ 22. Qxe1 f6 23. Qe6+ Kh7 24. Qf5+ g6 25. Qxf6 g5 26. Be5 Rg8 27. Qe7+
Kg6 28. Qe6+ Kh7 29. g4 Bg6 30. Qe7+ 1-0

[Event "Challenge"]
[Site "http://www.queenalice.com/game.php?id=814828"]
[Date "2010.8.7"]
[Round "-"]
[White "Petrucio"]
[Black "Dedey"]
[Result "1-0"]
[WhiteElo "1375"]
[BlackElo "1306"]

1. e4 e5 2. Qh5 Qf6 3. Bc4 Nh6 4. d3 Bc5 5. Bg5 Qxf2+ 6. Kd1 Qf1+ 7. Kd2 Qxg2+
8. Kc3 Qxh1 9. Bxh6 O-O 10. Bxf7+ Rxf7 11. Ne2 c6 12. Ng3 Qg1 13. Qxe5 Bd4+ 14.
Qxd4 Qxd4+ 15. Kxd4 gxh6 16. a4 b6 17. e5 Rf4+ 18. Ke3 Rf8 19. Nd2 c5 20. Rg1
Kh8 21. Nge4 1-0

[Event "Challenge"]
[Site "http://www.queenalice.com/game.php?id=816981"]
[Date "2010.8.12"]
[Round "-"]
[White "Dedey"]
[Black "pikachu01"]
[Result "0-1"]
[WhiteElo "1264"]
[BlackElo "1728"]

1. e4 c5 2. Bc4 e6 3. e5 d5 4. Bb5+ Bd7 5. Bxd7+ Nxd7 6. Nf3 Ne7 7. d4 cxd4 8.
Nxd4 Nxe5 9. O-O N7c6 10. Nxc6 Nxc6 11. b3 Be7 12. Bb2 Bf6 13. Bxf6 Qxf6 14. Nc3
Qxc3 15. Qd3 Qxd3 16. cxd3 Ne5 0-1

[Event "Challenge"]
[Site "http://www.queenalice.com/game.php?id=816985"]
[Date "2010.8.12"]
[Round "-"]
[White "Petrucio"]
[Black "Dedey"]
[Result "1-0"]
[WhiteElo "1388"]
[BlackElo "1293"]

1. e4 e5 2. Qh5 Qf6 3. Nf3 Bc5 4. Bc4 Nh6 5. d4 exd4 6. Bg5 Qg6 7. Qh4 O-O 8.
Nbd2 c6 9. Ne5 d5 10. Nxg6 fxg6 11. exd5 Nf5 12. Qf4 Re8+ 13. Kd1 cxd5 14. Bxd5+
Kh8 15. Nc4 Nc6 16. Qc7 h6 17. Bf4 1-0